Pokemon Games - Statistics

General Stats
  • This quiz has been taken 1,154 times
  • The average score is 16 of 18
Answer Stats
Release Date Game % Correct
2/27/1996 Pokemon Blue
98%
2/27/1996 Pokemon Red
98%
9/12/1998 Pokemon Yellow
96%
9/18/2010 Pokemon Black
93%
11/21/1999 Pokemon Gold
93%
11/21/2002 Pokemon Ruby
93%
11/21/1999 Pokemon Silver
92%
9/18/2010 Pokemon White
92%
9/28/2006 Pokemon Diamond
89%
11/21/2002 Pokemon Sapphire
89%
9/16/2004 Pokemon Emerald
87%
9/28/2006 Pokemon Pearl
87%
1/29/2004 Pokemon FireRed
85%
1/29/2004 Pokemon LeafGreen
85%
12/14/2000 Pokemon Crystal
82%
9/13/2008 Pokemon Platinum
82%
9/12/2009 Pokemon HeartGold
80%
9/12/2009 Pokemon SoulSilver
80%
No matching quizzes found
Score Distribution
Percent of People with Each Score
Percentile by Number Answered
Your Score History
You have not taken this quiz